000 00740nam a2200241Ia 4500
003 OSt
005 20220930065450.0
006 a|||||r|||| 00| 0
007 ta
008 220926b |||||||| |||| 00| 0 eng d
024 _a5651
037 _cTheses
040 _aCRL
_cCRL
_beng
041 _2eng
_aeng
100 _aMalhotara Renu
_9525930
110 _aUniversity of Delhi. Faculty of Arts. Department of Psychology
_9169788
245 0 _aInstitutionalization and the agd
_b A study in social support and psychological well-being
260 _c1996
650 _aPSYCHOLOGY
700 _aUniversity of Delhi. Faculty of Arts. Department of Psychology
_9169789
942 _cDIS
_2CC
999 _c859594
_d859594